000 00457nam a22001817a 4500
003 koha_MIRAKIL
005 20231213100433.0
008 231213b |||||||| |||| 00| 0 ||| d
020 _b978-0-521-14904-4
040 _aTR-IsEVY
_btur
_cTR-IsEVY
082 _a428.64 JOH/G
100 _aJohnson, Margaret.
245 0 _aGone
260 _bCambridge University Press,
_c2010
300 _a48
650 _aEnglish -- Reading books.
942 _2ddc
_cBK
999 _c19918
_d19918